NBA Most Points By Players - Statistics

General Stats
  • This quiz has been taken 23 times
  • The average score is 14 of 20
Answer Stats
Hint Answer % Correct
81 Points Kobe Bryant
100%
100 Points Wilt Chamberlain
100%
78 Points Wilt Chamberlain
100%
73 Points Wilt Chamberlain
100%
73 Points Wilt Chamberlain
100%
72 Points Wilt Chamberlain
100%
56 Points Wilt Chamberlain
100%
63 Points Michael Jordan
95%
56 Points Michael Jordan
95%
55 Points Michael Jordan
95%
70 Points Devin Booker
73%
71 Points David Robinson
55%
73 Points David Thompson
50%
55 Points Allen Iverson
36%
55 Points Damian Lillard
36%
57 Points Donovan Mitchell
36%
71 Points Elgin Baylor
32%
61 Points Elgin Baylor
32%
56 Points Charles Barkley
18%
55 Points Rick Barry
18%
No matching quizzes found
Score Distribution
Percent of People with Each Score
Percentile by Number Answered
Your Score History
You have not taken this quiz